Statistics for Updated: NCAA FBS Bowl Games 2021

Click here to take the quiz!

General Stats

  • This quiz has been taken 29 times
    (25 since last reset)
  • The average score is 22 of 42

Answer Stats

LocationMatchupAnswer% Correct
Atlanta, GAPittsburgh vs. Michigan StatePeach Bowl
95%
Miami, FLMichigan vs. GeorgiaOrange Bowl
90%
New Orleans, LAOle Miss vs. BaylorSugar Bowl
90%
Pasadena, CAOhio State vs. UtahRose Bowl
86%
Glendale, AZOklahoma State vs. Notre DameFiesta Bowl
81%
Honolulu, HIHawaii vs. MemphisHawaii Bowl
76%
NassauMiddle Tennessee vs. ToledoBahamas Bowl
67%
San Diego, CAUCLA vs. NC StateHoliday Bowl
67%
El Paso, TXWashington State vs. Miami (FL)Sun Bowl
67%
San Antonio, TXOklahoma vs. OregonAlamo Bowl
62%
Fort Worth, TXMissouri vs. ArmyArmed Forces Bowl
62%
Birmingham, ALAuburn vs. HoustonBirmingham Bowl
62%
Boca Raton, FLWestern Kentucky vs. Appalachian StateBoca Raton Bowl
62%
Jacksonville, FLTexas A&M vs. Wake ForestGator Bowl
62%
Albuquerque, NMUTEP vs. Fresno StateNew Mexico Bowl
62%
The Bronx, NYVirginia Tech vs. MarylandPinstripe Bowl
62%
New Orleans, LALouisiana vs. MarshallNew Orleans Bowl
57%
Houston, TXKansas State vs. LSUTexas Bowl
57%
Orlando, FLKentucky vs. IowaCitrus Bowl
52%
Charlotte, NCSouth Carolina vs. North CarolinaDuke's Mayo Bowl
52%
Paradise, NVArizona State vs. WisconsinLas Vegas Bowl
52%
Nashville, TNTennessee vs. PurdueMusic City Bowl
52%
Tucson, AZBoise State vs. Central MichiganArizona Bowl
48%
Orlando, FLIowa State vs. ClemsonCheez-It Bowl
48%
Boise, IDWyoming vs. Kent StateFamous Idaho Potato Bowl
48%
Boston, MAVirginia vs. SMUFenway Bowl
48%
Frisco, TXUTSA vs. San Diego StateFrisco Bowl
48%
Tampa, FLFlorida vs. UCFGasparilla Bowl
48%
Shreveport, LAUAB vs. BYUIndependence Bowl
48%
Memphis, TNMississippi State vs. Texas TechLiberty Bowl
48%
Arlington, TXAlabama vs. CincinnatiCotton Bowl Classic
43%
Orlando, FLNorthern Illinois vs. Coastal CarolinaCure Bowl
43%
Annapolis, MDBoston College vs. East CarolinaMilitary Bowl
43%
Mobile. ALLiberty vs. Eastern MichiganLendingTree Bowl
38%
Conway, SCOld Dominion vs. TulsaMyrtle Beach Bowl
38%
Tampa, FLArkansas vs. Penn StateOutback Bowl
38%
Inglewood, CAUtah State vs. Oregon StateLA Bowl
33%
Detroit, MIWestern Michigan vs. NevadaQuick Lane Bowl
33%
University Park, TXLouisville vs. Air ForceFirst Responder Bowl
24%
Montgomery, ALGeorgia State vs. Ball StateCamellia Bowl
14%
Phoenix, AZMinnesota vs. West VirginiaGuaranteed Rate Bowl
14%
Frisco, TXNorth Texas vs. Miami (OH)Frisco Bowl Classic
5%

Score Distribution

Percentile by Number Answered

Percent of People with Each Score

Your Score History

You have not taken this quiz since the last reset